<?xml version="1.0" encoding="UTF-8"?>
<collection xmlns="http://www.loc.gov/MARC21/slim">
    <record>
        <controlfield tag="001">76472</controlfield>
        <controlfield tag="005">20190115134134.0</controlfield>
        <datafield tag="037" ind1=" " ind2=" ">
            <subfield code="a">TAZ-TFG-2018-4111</subfield>
        </datafield>
        <datafield tag="041" ind1=" " ind2=" ">
            <subfield code="a">spa</subfield>
        </datafield>
        <datafield tag="100" ind1="1" ind2=" ">
            <subfield code="a">Mínguez Rodríguez, Andrea</subfield>
        </datafield>
        <datafield tag="242" ind1="0" ind2="0">
            <subfield code="a">The influence of tactile interaction on corporal expression</subfield>
        </datafield>
        <datafield tag="245" ind1="0" ind2="0">
            <subfield code="a">La influencia de la interacción táctil en las tareas de expresión corporal</subfield>
        </datafield>
        <datafield tag="260" ind1=" " ind2=" ">
            <subfield code="a">Zaragoza</subfield>
            <subfield code="b">Universidad de Zaragoza</subfield>
            <subfield code="c">2018</subfield>
        </datafield>
        <datafield tag="500" ind1=" " ind2=" ">
            <subfield code="a">Resumen disponible también en inglés.</subfield>
        </datafield>
        <datafield tag="506" ind1=" " ind2=" ">
            <subfield code="a">by-nc-sa</subfield>
            <subfield code="b">Creative Commons</subfield>
            <subfield code="c">3.0</subfield>
            <subfield code="u">http://creativecommons.org/licenses/by-nc-sa/3.0/</subfield>
        </datafield>
        <datafield tag="520" ind1=" " ind2=" ">
            <subfield code="a">El presente estudio analiza las sensaciones que experimentan los alumnos cuando se enfrentan a tareas de expresión corporal que implican interacción táctil. Los participantes fueron 30 alumnos -13 hombres y 17 mujeres, con una media de edad de 23,26±1,22 años- pertenecientes al grado de Magisterio en Educación Primaria de la Universidad de Zaragoza. El instrumento de análisis utilizado son los diarios personales de los alumnos en los que relatan cómo se han sentido a lo largo de las sesiones de la asignatura de actividades físicas artístico-expresivas. Se realizó un posterior análisis de contenido de los diarios con el programa NVIVO11. Los resultados mostraron que: a) el contacto interpersonal condiciona más que el contacto a través de un objeto/superficie, b) los alumnos se sienten más cómodos como receptores que como emisores de un contacto interpersonal, c) la principal causa de comodidad es la confianza y de incomodidad el temor a hacer daño y el género. Se confirma así la necesidad de desarrollar propuestas didácticas progresivas y de promover el desarrollo de la expresión corporal como mecanismo de expresión de sentimientos y emociones.</subfield>
        </datafield>
        <datafield tag="521" ind1=" " ind2=" ">
            <subfield code="a">Graduado en Magisterio en Educación Primaria</subfield>
        </datafield>
        <datafield tag="540" ind1=" " ind2=" ">
            <subfield code="a">Derechos regulados por licencia Creative Commons</subfield>
        </datafield>
        <datafield tag="700" ind1=" " ind2=" ">
            <subfield code="a">Canales Lacruz, Inmaculada</subfield>
            <subfield code="e">dir.</subfield>
        </datafield>
        <datafield tag="710" ind1="2" ind2=" ">
            <subfield code="a">Universidad de Zaragoza</subfield>
            <subfield code="b">Expresión Musical, Plástica y Corporal</subfield>
            <subfield code="c">Didáctica de la Expresión Corporal</subfield>
        </datafield>
        <datafield tag="856" ind1="0" ind2=" ">
            <subfield code="f">701587@celes.unizar.es</subfield>
        </datafield>
        <datafield tag="856" ind1="4" ind2=" ">
            <subfield code="s">934536</subfield>
            <subfield code="u">http://zaguan.unizar.es/record/76472/files/TAZ-TFG-2018-4111.pdf</subfield>
            <subfield code="y">Memoria (spa)</subfield>
        </datafield>
        <datafield tag="909" ind1="C" ind2="O">
            <subfield code="o">oai:zaguan.unizar.es:76472</subfield>
            <subfield code="p">driver</subfield>
            <subfield code="p">trabajos-fin-grado</subfield>
        </datafield>
        <datafield tag="950" ind1=" " ind2=" ">
            <subfield code="a"></subfield>
        </datafield>
        <datafield tag="951" ind1=" " ind2=" ">
            <subfield code="a">deposita:2019-01-15</subfield>
        </datafield>
        <datafield tag="980" ind1=" " ind2=" ">
            <subfield code="a">TAZ</subfield>
            <subfield code="b">TFG</subfield>
            <subfield code="c">FEDU</subfield>
        </datafield>
        <datafield tag="999" ind1=" " ind2=" ">
            <subfield code="a">20181104111906.CREATION_DATE</subfield>
        </datafield>
    </record>

    
</collection>